000 01277 a2200217 4500
001 33012
005 20260407155625.0
008 260407a1991 arg spa d
003 AR-UNSa-BCEJYS
040 _aAR-UNSa-BCEJYS
_bspa
_cAR-UNSa-BCEJYS
080 _a658.01
_xMetodología. Teoría y práctica de la organización( teoria de la organización, análisis organizacional...)
245 1 0 _aEn busca de la excelencia
_pexperiencias de las empresas mejor gerenciadas de los estados unidos
020 _a958-04-0381-3
264 1 _aBogotá :
_bGrupo Editorial Norma
_c1991
300 _a340 p.
_c17 cm.
505 _aI: lo que debe conservarse: 1. El éxito de algunas empresas norteamericanas - II: Hacia una nueva teoria : 2. El modelo racional - 3. Elhombre en espera dde motivación - III: 4. El manejo de la ambigüedad y la paradoja - 5. Predisposción para la acción - 6. Aceracmiento al cliente - 7. Autonomía y espíritu emnpresarial - 8. Productividad para el personal - 9. Movilización alrededor de un valor clave - 10. Zapatero, a tus zapatos - 11. Estructura simple, y poco personal - 12. Flexibilidad y rigor simultáneos.
942 _cBK
590 _aniveau_biblio:m niveau_hierar:0
100 1 _aPeters, Thomas J.
700 1 _aWaterman, Robert H., Jr.
999 _c2321
_d2321